|
|
|
|
| LEADER |
00000nam0a2200000 4500 |
| 001 |
81853 |
| 005 |
20231101213208.0 |
| 010 |
|
|
|a 5751502000
|
| 035 |
|
|
|a (RuTPU)RU\TPU\book\87982
|
| 090 |
|
|
|a 81853
|
| 100 |
|
|
|a 20050924d1990 m y0rusy5003 ca
|
| 101 |
0 |
|
|a rus
|
| 102 |
|
|
|a RU
|
| 105 |
|
|
|a y z 000ay
|
| 200 |
1 |
|
|a Один день Ивана Денисовича
|f Александр Солженицын
|
| 210 |
|
|
|a Томск
|c Томское кн. изд-во
|d 1990
|
| 215 |
|
|
|a 320 с.
|
| 464 |
|
|
|t Один день Ивана Денисовича; Матренин двор; Крохотки; Правая кисть; Случай на станции Кочетовка; Для пользы дела; Захар-Калита; Как жаль; Пасхальный крестный ход
|
| 610 |
1 |
|
|a культ личности
|
| 610 |
1 |
|
|a репрессии
|
| 610 |
1 |
|
|a СССР
|
| 610 |
1 |
|
|a история
|
| 675 |
|
|
|a Р1
|z rus
|
| 700 |
|
1 |
|a Солженицын
|b А. И.
|c русский писатель
|c академик РАН
|f 1918-2008
|g Александр Исаевич
|2 stltpush
|3 (RuTPU)RU\TPU\pers\1117
|9 504
|
| 801 |
|
0 |
|a RU
|b RuMRKP
|c 19950413
|g psbo
|
| 801 |
|
1 |
|a RU
|b 63413507
|c 20050924
|g PSBO
|
| 801 |
|
2 |
|a RU
|b 63413507
|c 20220526
|g PSBO
|
| 942 |
|
|
|c BK
|